| 000 | 00487cam a2200205ua 4500 | ||
|---|---|---|---|
| 001 | 9098 | ||
| 005 | 20260515114427.0 | ||
| 008 | 150221n xxk |||gr||||Z||||||eng | ||
| 020 | _a9780141182667 | ||
| 040 | _cMAIN | ||
| 041 | _aeng | ||
| 082 | _a823N | ||
| 100 |
_aJoyce, J., _eAuthor. |
||
| 245 | 1 |
_aPortrait of the artist as a young man _cBY James Joyce |
|
| 250 | _a1st. | ||
| 260 |
_aLondon: _bPenguin, _c2000. |
||
| 300 | _axlv,320p. | ||
| 653 | _aEnglish fiction | ||
| 942 | _cBK | ||
| 999 |
_c8175 _d8175 |
||